Представление документа в формате RUSMARC

ПолеНазваниеЗначение
  Тип записи i
  Библиографический уровень m
001 Контрольный номер RU/IS/BASE/355918147
005 Дата корректировки 20201206204801.0
010 Индекс ISBN __
d Цена 150-00
101 Язык документа __
a Язык текста rus
c Язык оригинала rus
200 Заглавие и сведения об ответственности 1_
a Заглавие 12 стульев
e Сведения, относящиеся к заглавию радиоспектакль
f Первые сведения об ответственности Илья Ильф, Евгений Петров ; [в ролях:] Евгений Весникк [и др.] ; [худож. Алексей Замков ; оформ. дизайн студия CDCom]
b Общее обозначение материала Звукозапись
210 Выходные данные __
a Место издания М.
c Издательство ЭКСМО-Сидиком
d Дата издания 2008
215 Физическое описание __
a Объем 2 электрон. опт. диска (Audio CD) (5 ч.)
300 Общие примечания __
a Общие примечания CD-плеер с поддержкой MP3 ; Pentium-233 ; Windows 9x-XP ; CD-ROM ; AudioCD ; звуковая карта
323 Примечание о главных создателях, исполнителях, участниках __
a Примечание о главных создателях, исполнителях, участниках Весник, Е. (от автора)
a Примечание о главных создателях, исполнителях, участниках Басилашвили, О. (Остап Бендер)
a Примечание о главных создателях, исполнителях, участниках Яковлев, Ю. (Киса)
a Примечание о главных создателях, исполнителях, участниках Евстигнеев, Е. (отец Федор)
330 Аннотация __
a Аннотация Похождения "великого комбинатора" Остапа Бендера помогают авторам высмеять деятелей "мелкого мира": хапуг, приспособленцев, бюрократов, мещан и стяжателей.
517 Другие варианты заглавия __
a Другие варианты заглавия Двенадцать стульев
606 Тематические рубрики __
a Основная рубрика Музыка и зрелищные искусства
z Хронологическая подрубрика 20 в.
y Географическая подрубрика Россия; Российская Федерация; РФ
606 Тематические рубрики __
a Основная рубрика Художественное радиовещание
610 Ключевые слова __
a Ключевые слова радиоспектакли; радиопостановки; юмористическая литература; юмористические романы; тема кладоискательства; Остап Бендер; литературные герои; литературные персонажи; советская литература; тема приключений; тема авантюризма
686 Индексы других классификаций __
a Классификационный индекс 85.38я04
700 Автор _1
a Фамилия Ильф
b Имя И.
c Титул (звания) Файнзильберг, И. А.
g Полное личное имя Илья
4 Код отношения 070
702 Вторичная интеллектуальная ответственность _1
a Фамилия Петров
b Имя Е.
4 Код отношения Автор
c Титул (звания) Катаев, Е. П.
g Полное личное имя Евгений
702 Вторичная интеллектуальная ответственность _1
a Фамилия Замков
b Имя А.
4 Код отношения Художник
801 Источник записи _0
a Страна RU
b Организация Муниципальное бюджетное учреждение культуры "Централизованная библиотечная система" г. Сургут (Центральная городская библиотека им. А. С. Пушкина)
g Правила каталогизации КиК/Поспелова
801 Источник записи _1
a Страна RU
b Организация Муниципальное бюджетное учреждение культуры "Централизованная библиотечная система" г. Сургут (Центральная городская библиотека им. А. С. Пушкина)
g Правила каталогизации КиК/Поспелова
852 Данные о местонахождении __
j Шифр хранения 85.38я04
i Авторский знак И 48
901 Тип документа __
t Тип документа 0
903 Характеристики (МАРС) __
a Дата передачи 20110412
990 Данные о заказе (DOS) __
j Количество экземпляров (DOS) 1
h N записи в КСУ для Б/У (DOS) 201105